Arsenal most expensive signings - Statistics

General Stats
  • This quiz has been taken 195 times
    64 since last reset
  • The average score is 9 of 10
Answer Stats
Signed from Season Fee (€) Player % Correct
West Ham United 23/24 116.6 million Declan Rice
100%
Crystal Palace 25/26 69.3 million Eberechi Eze
92%
LOSC Lille 19/20 80 million Nicolas Pépé
92%
Chelsea 23/24 75 million Kai Havertz
90%
Real Sociedad 25/26 70 million Martín Zubimendi
90%
Chelsea 25/26 56 million Noni Madueke
86%
Olympique Lyon 17/18 53 million Alexandre Lacazette
85%
Borussia Dortmund 17/18 63.75 million Pierre-Emerick Aubameyang
85%
Sporting CP 25/26 65.8 million Viktor Gyökeres
85%
Brighton & Hove Albion 21/22 58.5 million Ben White
83%
No matching quizzes found
Score Distribution
Percent of People with Each Score
Percentile by Number Answered
Your Score History
You have not taken this quiz since the last reset